| 000 | 00421 a2200145 4500 | ||
|---|---|---|---|
| 005 | 20250628140824.0 | ||
| 020 | _a0-256-21847-1 | ||
| 082 | _a004 INF | ||
| 100 | _aINFORMATION TECHNPLPGY, | ||
| 245 | _aInformation Technology: The Breaking Wave, | ||
| 260 |
_aNew York, _bMcGraw-Hill Irwin, _c1998. |
||
| 300 |
_axix;300p: ill; Figure, Picture, _bIndex, _c28cm. |
||
| 700 | _aCURTIN, D.P. [...et al...] | ||
| 942 |
_2ddc _cBKS |
||
| 999 |
_c6047 _d6047 |
||